Melchor Ferrer y la "Historia del tradicionalismo español" / (Record no. 68003)

MARC details
000 -LEADER
campo de control de longitud fija 00500nam a2200169 i 4500
001 - NÚMERO DE CONTROL
campo de control 68003
003 - IDENTIFICADOR DE NÚMERO DE CONTROL
campo de control ES-MaACL
005 - FECHA Y HORA DE LA ÚLTIMA TRANSACCIÓN
campo de control 20230906170203.0
007 - CAMPO FIJO DE DESCRIPCIÓN FÍSICA--INFORMACIÓN GENERAL
campo de control de longitud fija t|
008 - DATOS DE LONGITUD FIJA--INFORMACIÓN GENERAL
campo de control de longitud fija 040217s1979 sp ||||1| spa d
100 1# - ENTRADA PRINCIPAL--NOMBRE DE PERSONA
Nombre de persona Gambra, Rafael.
9 (RLIN) 53775
245 10 - MENCIÓN DEL TÍTULO
Título Melchor Ferrer y la "Historia del tradicionalismo español" /
Mención de responsabilidad, etc. Rafael Gambra.
260 ## - PUBLICACIÓN, DISTRIBUCIÓN, ETC.
Lugar de publicación, distribución, etc. Sevilla :
Nombre del editor, distribuidor, etc. Editorial Católica,
Fecha de publicación, distribución, etc. 1979.
300 ## - DESCRIPCIÓN FÍSICA
Extensión 4 h. ;
Dimensiones 22 cm.
600 04 - PUNTO DE ACCESO ADICIONAL DE MATERIA--NOMBRE DE PERSONA
Nombre de persona Ferrer, Melchor.
9 (RLIN) 50431
852 ## - LOCALIZACIÓN
Ubicación ES-MaACL
Número de control de estantería 2110-F-18
Sublocalización o colección R.99500
Holdings
Estatus retirado Estado de pérdida Estado de daño No para préstamo Colección Biblioteca de origen Biblioteca actual Ubicación en estantería Fecha de adquisición Fuente de adquisición Total de préstamos Signatura topográfica completa Código de barras Visto por última vez Precio de reemplazo Tipo de ítem Koha
        Colección de folletos Biblioteca del Ateneo de Madrid Biblioteca del Ateneo de Madrid Depósito folletos 17/01/2008     2110-F-18 1071195 23/02/2023 23/02/2023 Folleto